000 00752nam a22002297a 4500
005 20170124110208.0
010 _aA-680603
020 _c00.00
_a8124600104
035 _aA-680603
037 _bCen Lib/Ret
040 _aDPL
_bEN
082 _a181.45
_bBHA
245 _aThe Bhagavad Gita :
_ctranslated fron Sanskrit by Nataraja Guru
_ba sublime hymn of dialectics composed by the antique sage-bard Vyāsa /
260 _aNew Delhi
_bD. K. Printworld
_c1993
270 _aH-12, Bali Nagar
_bNew Delhi
_e110015
300 _axv,472p.
_c22cm(Hb)
500 _aIncludes index
650 _aHinduism
_974279
650 _aBhagavadgītā--commentraies
_974280
700 _aGuru, Nataraja
_937798
942 _2ddc
_cEN
_h181.45
_mBHA
999 _c133384
_d133384